000 00711nam a2200241Ia 4500
003 OSt
005 20250917104547.0
008 210716s2011 xx 000 0 und d
020 _a9788184897517
040 _cAIMIT LIBRARY
041 _aeng
082 _a005.746
_21
_bSALD
100 _aSalomon, David.
_9239040
245 _aConcise introduction to data compression /
_cBy David Salomon.
250 _a1st ed.
260 _aNew Delhi :
_bSpringer ,
_c2011.
300 _axiii,310 p.;
_bPB
_c24.5 cm.
650 _aHuffman coding
_9239041
650 _aDictionary methods
_9239042
650 _aDictionary methods
_9239042
650 _aImage compression
_9239043
942 _2ddc
_cBK
_e1st
_k005.746 SALD
999 _c194560
_d194560